| 000 | 00617nam a2200205 a 4500 | ||
|---|---|---|---|
| 005 | 20140311163003.0 | ||
| 008 | 021205s19uu xx 00 eng d | ||
| 020 | _a0323014712 | ||
| 050 |
_aRJ 253.5 _b.H36 2002 |
||
| 100 | _aMerenstein, Gerald B. | ||
| 245 |
_aHandbook of neonatal intensive care / _cGerald B. Merenstein. |
||
| 250 | _a5th ed. | ||
| 260 |
_aUnited States : _bMosby, _c2002. |
||
| 300 |
_a863 p. : _bill. ; _c23 cm. |
||
| 521 | _aNUR | ||
| 650 |
_aNeonatal Intensive Care _xhandbooks, manuals etc. |
||
| 650 |
_aInfant, Newborn, Diseases _xtheraphy. |
||
| 942 |
_cBK _2lcc _kFOR |
||
| 999 |
_c39248 _d39248 |
||